[Event "EU-chT (Women) 15th"]
[Site "Gothenburg"]
[Date "2005.08.07"]
[Round "9"]
[White "Fridthjofsdottir, Sigurlaug Regina"]
[Black "Pavlovskaya, Evgenija"]
[Result "0-1"]
[WhiteElo "1963"]
[BlackElo "2174"]
[PlyCount "118"]
[EventDate "2005.07.30"]
[EventType "team-swiss"]
[EventRounds "9"]
[EventCountry "SWE"]
[SourceTitle "CBM 107 Extra"]
[Source "ChessBase"]
[SourceDate "2005.09.01"]
[SourceVersion "1"]
[SourceVersionDate "2005.09.01"]
[SourceQuality "1"]
[WhiteTeam "Island (W)"]
[BlackTeam "Sweden (W)"]
[WhiteTeamCountry "ISL"]
[BlackTeamCountry "SWE"]

1. e4 c5 2. c3 g6 3. d4 cxd4 4. cxd4 d5 5. e5 Bg7 6. Nf3 Nc6 7. Nc3 f6 8. Bb5 Be6 9. 0-0 Nh6 10. exf6 exf6 11. Qe2 Kf7 12. Be3 Qb6 13. Qd2 Nf5 14. Bf4 Qd8 15. Rfe1 Re8 16. Rac1 Nd6 17. Bh6 a6 18. Bxc6 bxc6 19. Bxg7 Kxg7 20. Na4 Ne4 21. Qc2 Rc8 22. Nc5 Nxc5 23. Qxc5 Rc7 24. Re3 Bf7 25. Rxe8 Bxe8 26. h3 Kf7 27. Nd2 Qe7 28. Qxe7+ Rxe7 29. Kf1 Rb7 30. Nb3 a5 31. Rc2 a4 32. Nc5 Rb4 33. Rd2 g5 34. Ke2 Kf8 35. Ke3 Bg6 36. Nd3 Rc4 37. f4 h6 38. fxg5 hxg5 39. Nc5 Kf7 40. Rf2 a3 41. Nd3 axb2 42. Rxb2 Rc3 43. Rd2 Ra3 44. g4 Ke6 45. Rd1 Bxd3 46. Rxd3 Rxa2 47. Kf3 f5 48. gxf5+ Kxf5 49. Re3 Ra4 50. Rd3 Rc4 51. Ke3 Kg6 52. Kf3 Kh5 53. Kg3 Rc2 54. Re3 Rd2 55. Re8 Rd3+ 56. Kg2 Rxd4 57. Rh8+ Kg6 58. Rg8+ Kf6 59. Rf8+ Kg7 0-1

[Event "EU-chT (Women) 15th"]
[Site "Gothenburg"]
[Date "2005.08.06"]
[Round "8"]
[White "Schmidt, Jessica"]
[Black "Pavlovskaya, Evgenija"]
[Result "1-0"]
[WhiteElo "2323"]
[BlackElo "2174"]
[PlyCount "137"]
[EventDate "2005.07.30"]
[EventType "team-swiss"]
[EventRounds "9"]
[EventCountry "SWE"]
[SourceTitle "CBM 107 Extra"]
[Source "ChessBase"]
[SourceDate "2005.09.01"]
[SourceVersion "1"]
[SourceVersionDate "2005.09.01"]
[SourceQuality "1"]
[WhiteTeam "Germany (W)"]
[BlackTeam "Sweden (W)"]
[WhiteTeamCountry "GER"]
[BlackTeamCountry "SWE"]

1. d4 d5 2. c4 e6 3. Nc3 Nf6 4. Nf3 Be7 5. Bf4 0-0 6. e3 c5 7. dxc5 Bxc5 8. cxd5 exd5 9. Be2 Nc6 10. 0-0 Be6 11. Nb5 Rc8 12. Rc1 Qe7 13. Bg5 Bb6 14. a3 a6 15. Nbd4 Nxd4 16. Nxd4 Rxc1 17. Qxc1 Bxd4 18. exd4 h6 19. Bh4 Bf5 20. Bf3 g5 21. Bg3 Rc8 22. Qd1 Ne4 23. Re1 Qd7 24. Be5 Rc6 25. h3 Qc8 26. Bxe4 Bxe4 27. Qb3 Rc1 28. Rxc1 Qxc1+ 29. Kh2 Qc6 30. Qb4 f6 31. Bg3 Kf7 32. a4 b6 33. a5 bxa5 34. Qxa5 Qe6 35. Qd8 Qe8 36. Qc7+ Qe7 37. Qc8 Qe6 38. Qb8 h5 39. Bd6 Bd3 40. Bc5 h4 41. Qf8+ Kg6 42. Qh8 Qd7 43. Qg8+ Qg7 44. Qxd5 Qc7+ 45. Bd6 Qd7 46. Qg8+ Qg7 47. Qe6 Bf5 48. Qe3 Qd7 49. Bc5 Qc7+ 50. Kg1 Qb7 51. Qe8+ Qf7 52. Qxf7+ Kxf7 53. d5 Be4 54. d6 Ke6 55. Bb4 Bc6 56. g3 hxg3 57. fxg3 f5 58. Kf2 a5 59. Bxa5 Kxd6 60. Bd2 g4 61. h4 Be8 62. Ke3 Ke5 63. Bc3+ Ke6 64. Kf4 Bf7 65. Kg5 Bg8 66. b4 Bh7 67. b5 Kd5 68. b6 Kc6 69. Bd4 1-0

[Event "EU-chT (Women)"]
[Site "Leon"]
[Date "2001.11.14"]
[Round "9.1"]
[White "Sommer, Sonja"]
[Black "Pavlovskaya, Evgenija"]
[Result "1-0"]
[WhiteElo "2066"]
[BlackElo "2199"]
[PlyCount "39"]
[EventDate "2001.11.06"]
[EventType "team-swiss"]
[EventRounds "9"]
[EventCountry "ESP"]
[SourceTitle "EXT 2002"]
[Source "ChessBase"]
[SourceDate "2001.11.25"]
[SourceVersion "1"]
[SourceVersionDate "2001.11.25"]
[SourceQuality "1"]
[WhiteTeam "Austria (W)"]
[BlackTeam "Sweden (W)"]
[WhiteTeamCountry "AUT"]
[BlackTeamCountry "SWE"]

1. e4 c5 2. Nf3 a6 3. c4 e6 4. Nc3 Nc6 5. d4 cxd4 6. Nxd4 Qb6 7. Nb3 Nf6 8. Be3 Qc7 9. f3 Bd6 10. g3 h5 11. Qd2 h4 12. 0-0-0 Be5 13. Be2 hxg3 14. hxg3 Rxh1 15. Rxh1 Bxg3 16. f4 e5 17. Bc5 Ne7 18. Rh8+ Nfg8 19. Nd5 Qc6 20. Bxe7 1-0

[Event "EU-chT (Women)"]
[Site "Leon"]
[Date "2001.11.13"]
[Round "7.2"]
[White "Puuska, Heini"]
[Black "Pavlovskaya, Evgenija"]
[Result "1/2-1/2"]
[WhiteElo "2070"]
[BlackElo "2199"]
[PlyCount "51"]
[EventDate "2001.11.06"]
[EventType "team-swiss"]
[EventRounds "9"]
[EventCountry "ESP"]
[SourceTitle "EXT 2002"]
[Source "ChessBase"]
[SourceDate "2001.11.25"]
[SourceVersion "1"]
[SourceVersionDate "2001.11.25"]
[SourceQuality "1"]
[WhiteTeam "Finland (W)"]
[BlackTeam "Sweden (W)"]
[WhiteTeamCountry "FIN"]
[BlackTeamCountry "SWE"]

1. d4 d5 2. Bg5 Nf6 3. Bxf6 exf6 4. e3 Be6 5. Nd2 c5 6. dxc5 Bxc5 7. c3 Nc6 8. Ngf3 0-0 9. Be2 f5 10. 0-0 Qf6 11. Qa4 h6 12. Nb3 Bb6 13. Nbd4 Rac8 14. Nxc6 bxc6 15. Ba6 Rc7 16. Qf4 Rd8 17. a4 Rcd7 18. Ne5 Rd6 19. Nd3 c5 20. a5 Bc7 21. Bb5 Bd7 22. Bxd7 R6xd7 23. Qf3 d4 24. exd4 cxd4 25. c4 Qe6 26. Rfc1 1/2-1/2

[Event "EU-chT (Women)"]
[Site "Leon"]
[Date "2001.11.11"]
[Round "6.1"]
[White "Macek, Vlasta"]
[Black "Pavlovskaya, Evgenija"]
[Result "1-0"]
[WhiteElo "2237"]
[BlackElo "2199"]
[PlyCount "87"]
[EventDate "2001.11.06"]
[EventType "team-swiss"]
[EventRounds "9"]
[EventCountry "ESP"]
[SourceTitle "EXT 2002"]
[Source "ChessBase"]
[SourceDate "2001.11.25"]
[SourceVersion "1"]
[SourceVersionDate "2001.11.25"]
[SourceQuality "1"]
[WhiteTeam "Croatia (W)"]
[BlackTeam "Sweden (W)"]
[WhiteTeamCountry "CRO"]
[BlackTeamCountry "SWE"]

1. d4 d5 2. Nf3 Nf6 3. Bf4 e6 4. e3 Be7 5. Nbd2 0-0 6. Bd3 b6 7. Ne5 c5 8. c3 Bb7 9. Qf3 Nc6 10. Qh3 g6 11. Bh6 Re8 12. f4 Nxe5 13. fxe5 Nd7 14. 0-0 Bf8 15. Nf3 f5 16. exf6 Nxf6 17. Ng5 Bc8 18. Bxf8 Rxf8 19. Rxf6 Rxf6 20. Qxh7+ Kf8 21. Qh8+ Ke7 22. Qg7+ Kd6 23. Nf7+ Rxf7 24. Qxf7 g5 25. Rf1 Qe7 26. Qf3 Bd7 27. e4 Re8 28. e5+ Kc7 29. Qf6 c4 30. Bg6 Qxf6 31. Rxf6 Re7 32. Kf2 Ba4 33. Kg3 Bd1 34. h4 gxh4+ 35. Kxh4 b5 36. a3 Kb6 37. g4 Ka5 38. Rf1 Be2 39. Rf2 Bd1 40. g5 Ka4 41. Bc2+ Bxc2 42. Rxc2 Kb3 43. Rg2 a5 44. g6 1-0

[Event "Tage Sorensen Memorial"]
[Site "Holbak"]
[Date "2001.06.29"]
[Round "7"]
[White "Stockflet, Henrik"]
[Black "Pavlovskaya, Evgenija"]
[Result "0-1"]
[WhiteElo "2000"]
[BlackElo "2201"]
[PlyCount "120"]
[EventDate "2001.06.23"]
[EventType "swiss"]
[EventRounds "9"]
[EventCountry "DEN"]
[SourceTitle "EXT 2002"]
[Source "ChessBase"]
[SourceDate "2001.11.25"]
[SourceVersion "1"]
[SourceVersionDate "2001.11.25"]
[SourceQuality "1"]

1. e4 c5 2. Nf3 a6 3. d4 cxd4 4. Nxd4 Nf6 5. Nc3 e5 6. Nf3 Bb4 7. Bc4 d6 8. 0-0 0-0 9. Nd5 Nxd5 10. Bxd5 Nc6 11. c3 Bc5 12. b4 Bb6 13. Qd3 Be6 14. Rd1 Qd7 15. Bg5 f6 16. Be3 Bxe3 17. Bxe6+ Qxe6 18. Qxe3 Rfd8 19. Rd2 d5 20. Rad1 dxe4 21. Qxe4 Rxd2 22. Rxd2 Rd8 23. a4 Rxd2 24. Nxd2 Qd7 25. Qc4+ Kf8 26. Nf1 Ne7 27. a5 Nd5 28. g3 Qc6 29. Ne3 Qxc4 30. Nxc4 Nxc3 31. Nd6 Nd5 32. Nxb7 Nxb4 33. Kf1 Ke7 34. Ke2 Ke6 35. Kd2 Kd5 36. Kc3 Nc6 37. Kd3 f5 38. Ke3 g5 39. f3 f4+ 40. Kf2 h5 41. Kg2 g4 42. Kf2 Nd4 43. fxg4 hxg4 44. gxf4 exf4 45. Nd8 Nb3 46. Nf7 Nxa5 47. Nh6 g3+ 48. hxg3 fxg3+ 49. Kxg3 Nc4 50. Kf3 a5 51. Ng4 a4 52. Nf2 Kd4 53. Ke2 Kc3 54. Nd3 Ne5 55. Ne1 a3 56. Kd1 a2 57. Nc2 Kb2 58. Kd2 Nc4+ 59. Kd3 Na3 60. Kd2 Nxc2 0-1

[Event "Tage Sorensen Memorial"]
[Site "Holbak"]
[Date "2001.06.28"]
[Round "6"]
[White "Pavlovskaya, Evgenija"]
[Black "Molvig, Henrik"]
[Result "0-1"]
[WhiteElo "2201"]
[BlackElo "2224"]
[PlyCount "64"]
[EventDate "2001.06.23"]
[EventType "swiss"]
[EventRounds "9"]
[EventCountry "DEN"]
[SourceTitle "EXT 2002"]
[Source "ChessBase"]
[SourceDate "2001.11.25"]
[SourceVersion "1"]
[SourceVersionDate "2001.11.25"]
[SourceQuality "1"]

1. e4 c5 2. Nf3 d6 3. d4 cxd4 4. Qxd4 a6 5. c4 Nc6 6. Qd2 g6 7. b3 Bg7 8. Bb2 Bxb2 9. Qxb2 Nf6 10. Nbd2 Bg4 11. Bd3 Bxf3 12. Nxf3 Qa5+ 13. Qd2 Qxd2+ 14. Kxd2 0-0 15. Rac1 Nd7 16. Rhd1 Rfc8 17. Ke3 Nc5 18. Ng1 a5 19. Ne2 a4 20. Bc2 Nb4 21. bxa4 Nxc2+ 22. Rxc2 Rxa4 23. Rb1 Rca8 24. Rbb2 Ra3+ 25. Nc3 R8a4 26. Kd4 e5+ 27. Kd5 Ra6 28. Rb5 Ne6 29. c5 Nc7+ 30. Kc4 Nxb5 31. Nxb5 R6a4+ 32. Kd5 Rd3+ 0-1

[Event "SWE-chT 0001"]
[Site "Sweden"]
[Date "2000.12.09"]
[Round "5"]
[White "Pavlovskaya, Evgenija"]
[Black "Malesevic, Nedeljko"]
[Result "1/2-1/2"]
[WhiteElo "2256"]
[BlackElo "2311"]
[PlyCount "57"]
[EventDate "2000.10.13"]
[EventType "team"]
[EventRounds "11"]
[EventCountry "SWE"]
[SourceTitle "EXT 2006"]
[Source "ChessBase"]
[SourceDate "2005.11.24"]
[SourceVersion "1"]
[SourceVersionDate "2005.11.24"]
[SourceQuality "1"]
[WhiteTeam "Kirsebergs"]
[BlackTeam "Norrkoping Schack 08"]
[WhiteTeamCountry "SWE"]
[BlackTeamCountry "SWE"]

1. e4 c6 2. d4 d5 3. Nd2 dxe4 4. Nxe4 Nf6 5. Ng5 h6 6. N5f3 Bf5 7. Bd3 Bxd3 8. Qxd3 e6 9. Ne2 Bd6 10. Bf4 Qa5+ 11. c3 Bxf4 12. Nxf4 Nbd7 13. 0-0 0-0 14. Rfe1 Rfd8 15. Ne5 Nxe5 16. Rxe5 Qxe5 17. dxe5 Rxd3 18. Nxd3 Rd8 19. Rd1 Ng4 20. f4 g5 21. g3 Kg7 22. Nf2 Rxd1+ 23. Nxd1 gxf4 24. gxf4 h5 25. Kg2 f6 26. h3 Nh6 27. exf6+ Kxf6 28. Kf3 Nf5 29. Nf2 1/2-1/2

[Event "SWE-chT 0001"]
[Site "Sweden"]
[Date "2000.11.18"]
[Round "4"]
[White "Madebrink, Lars"]
[Black "Pavlovskaya, Evgenija"]
[Result "0-1"]
[WhiteElo "2348"]
[BlackElo "2256"]
[PlyCount "88"]
[EventDate "2000.10.13"]
[EventType "team"]
[EventRounds "11"]
[EventCountry "SWE"]
[SourceTitle "EXT 2006"]
[Source "ChessBase"]
[SourceDate "2005.11.24"]
[SourceVersion "1"]
[SourceVersionDate "2005.11.24"]
[SourceQuality "1"]
[WhiteTeam "Kamraterna "]
[BlackTeam "Kirsebergs"]
[WhiteTeamCountry "SWE"]
[BlackTeamCountry "SWE"]

1. d4 d5 2. Nf3 Nf6 3. c4 e6 4. Nc3 Be7 5. Bg5 0-0 6. e3 h6 7. Bh4 Ne4 8. Bxe7 Qxe7 9. cxd5 Nxc3 10. bxc3 exd5 11. Bd3 c5 12. 0-0 Nc6 13. Rc1 Bg4 14. h3 Bh5 15. Re1 Rad8 16. Be2 Rfe8 17. Qa4 Rc8 18. Qb5 cxd4 19. cxd4 Nb4 20. Rxc8 Rxc8 21. a3 Nc2 22. Rd1 Rd8 23. a4 b6 24. Qb3 Nb4 25. Rc1 a5 26. Kf1 Qd6 27. Ne5 Bxe2+ 28. Kxe2 Qe6 29. Rc7 f6 30. Ng6 Re8 31. Qc3 Qe4 32. Rb7 Qxg6 33. Rxb6 Qxg2 34. Rb5 Qxh3 35. Rxa5 Qg4+ 36. Kd2 Qf3 37. Ke1 Qh1+ 38. Kd2 Qf1 39. Qxb4 Qxf2+ 40. Kd1 Rxe3 41. Rxd5 Qf1+ 42. Kc2 Re2+ 43. Kb3 Qb1+ 44. Ka3 Qa2# 0-1

[Event "Skelleftea op (Women)"]
[Site "Skelleftea"]
[Date "2000.??.??"]
[Round "2"]
[White "Jiretorn, Eva"]
[Black "Pavlovskaya, Evgenija"]
[Result "1/2-1/2"]
[WhiteElo "2096"]
[BlackElo "2165"]
[PlyCount "99"]
[EventDate "2000.??.??"]
[EventType "swiss"]
[EventRounds "8"]
[EventCountry "SWE"]
[SourceTitle "EXT 2001"]
[Source "ChessBase"]
[SourceDate "2000.11.22"]
[SourceVersion "1"]
[SourceVersionDate "2000.11.22"]
[SourceQuality "1"]

1. d4 d5 2. c4 e6 3. g3 Nf6 4. Bg2 Be7 5. Nf3 0-0 6. 0-0 c6 7. Qc2 Nbd7 8. b3 b6 9. Rd1 Bb7 10. Nc3 Rc8 11. e4 dxe4 12. Nxe4 c5 13. Nxf6+ Bxf6 14. Ng5 Bxg5 15. Bxb7 Rc7 16. dxc5 Bxc1 17. Raxc1 Rxb7 18. c6 Rc7 19. Rxd7 Rxd7 20. cxd7 Qxd7 21. Rd1 Qc7 22. Qd2 Rc8 23. Qd7 g6 24. Kg2 Kg7 25. Kf3 Qc5 26. Qd4+ Qxd4 27. Rxd4 Rc7 28. Ke4 Kf6 29. a3 Ke7 30. b4 f6 31. f4 Rc6 32. Kd3 Rc7 33. Ke4 Rc6 34. Kd3 Rc7 35. Kc3 e5 36. Re4 Ke6 37. fxe5 fxe5 38. a4 Rf7 39. b5 Rf2 40. Rh4 h5 41. a5 bxa5 42. c5 Kd5 43. c6 Rf3+ 44. Kc2 Rf7 45. g4 Kc5 46. gxh5 gxh5 47. Rxh5 Re7 48. Kb3 Kxb5 49. c7 Rxc7 50. Rxe5+ 1/2-1/2

[Event "Skelleftea op (Women)"]
[Site "Skelleftea"]
[Date "2000.??.??"]
[Round "4"]
[White "Johnsen, Sylvia"]
[Black "Pavlovskaya, Evgenija"]
[Result "1/2-1/2"]
[WhiteElo "2067"]
[BlackElo "2165"]
[PlyCount "119"]
[EventDate "2000.??.??"]
[EventType "swiss"]
[EventRounds "8"]
[EventCountry "SWE"]
[SourceTitle "EXT 2001"]
[Source "ChessBase"]
[SourceDate "2000.11.22"]
[SourceVersion "1"]
[SourceVersionDate "2000.11.22"]
[SourceQuality "1"]

1. e4 c6 2. d4 d5 3. exd5 cxd5 4. c4 Nf6 5. Nc3 e6 6. Nf3 Bb4 7. a3 Bxc3+ 8. bxc3 0-0 9. Bd3 Qc7 10. Qb3 dxc4 11. Bxc4 Nc6 12. Qc2 e5 13. 0-0 e4 14. Ne1 Ne7 15. Be2 Bf5 16. Be3 Rac8 17. c4 Rfd8 18. Qb2 Ng6 19. Bg5 Nf4 20. Bxf4 Qxf4 21. g3 Qc7 22. Ng2 Bg4 23. Bxg4 Nxg4 24. Rac1 Qd6 25. Rfd1 Qh6 26. h4 e3 27. fxe3 Nxe3 28. Nxe3 Qxe3+ 29. Kh2 Rc6 30. Rc3 Qe4 31. Rc2 Re8 32. d5 Rxc4 33. Rxc4 Qxc4 34. Rd2 Qc7 35. d6 Qd7 36. Qd4 b6 37. Qd5 h6 38. Qc4 Rc8 39. Qe4 Re8 40. Qc4 Rd8 41. Qa6 Kh8 42. Qd3 f5 43. Qd5 Rf8 44. Qe5 Re8 45. Qc3 b5 46. Qc5 a6 47. Qb6 Rf8 48. Qxa6 f4 49. Qb6 fxg3+ 50. Kxg3 Qf7 51. Qe3 Qg6+ 52. Kh2 Re8 53. Qg3 Qxg3+ 54. Kxg3 Kg8 55. Kf4 Kf7 56. d7 Rd8 57. Ke5 Ke7 58. Kf5 g5 59. hxg5 hxg5 60. Kxg5 1/2-1/2

[Event "Skelleftea op (Women)"]
[Site "Skelleftea"]
[Date "2000.??.??"]
[Round "3"]
[White "Pavlovskaya, Evgenija"]
[Black "Andersson, Christin"]
[Result "0-1"]
[WhiteElo "2165"]
[BlackElo "2070"]
[PlyCount "80"]
[EventDate "2000.??.??"]
[EventType "swiss"]
[EventRounds "8"]
[EventCountry "SWE"]
[SourceTitle "EXT 2001"]
[Source "ChessBase"]
[SourceDate "2000.11.22"]
[SourceVersion "1"]
[SourceVersionDate "2000.11.22"]
[SourceQuality "1"]

1. e4 e6 2. d3 d5 3. Nd2 dxe4 4. Nxe4 Nf6 5. Bg5 Be7 6. Bxf6 Bxf6 7. c3 0-0 8. Nf3 b6 9. Be2 Bb7 10. Qc2 Nc6 11. 0-0 Ne5 12. Rfe1 Ng6 13. Bf1 Be7 14. Rad1 Kh8 15. d4 Qd5 16. c4 Qf5 17. Bd3 Qf4 18. a3 Rad8 19. b4 Bf6 20. Bf1 Qf5 21. Rd2 Nf4 22. Re3 Qg4 23. Kh1 Qg6 24. g3 Nh5 25. Bg2 Be7 26. Ne5 Qh6 27. Ng4 Qg6 28. Ne5 Qh6 29. d5 exd5 30. Nc3 d4 31. Bxb7 dxe3 32. Rxd8 Bxd8 33. Bd5 Qf6 34. f4 Nxf4 35. Nd7 e2 36. Nxe2 Qa1+ 37. Ng1 Nh3 38. Kg2 Qxg1+ 39. Kxh3 Re8 40. Qf5 Re2 0-1

[Event "Skelleftea op (Women)"]
[Site "Skelleftea"]
[Date "2000.??.??"]
[Round "6"]
[White "Pavlovskaya, Evgenija"]
[Black "Hagesaether, Ellen"]
[Result "1-0"]
[WhiteElo "2165"]
[BlackElo "2065"]
[PlyCount "107"]
[EventDate "2000.??.??"]
[EventType "swiss"]
[EventRounds "8"]
[EventCountry "SWE"]
[SourceTitle "EXT 2001"]
[Source "ChessBase"]
[SourceDate "2000.11.22"]
[SourceVersion "1"]
[SourceVersionDate "2000.11.22"]
[SourceQuality "1"]

1. e4 d6 2. d4 Nf6 3. Nc3 g6 4. f4 Bg7 5. Nf3 0-0 6. Bd3 c6 7. e5 Nd5 8. Nxd5 cxd5 9. 0-0 Nc6 10. c3 Bg4 11. Qe1 Bxf3 12. Rxf3 dxe5 13. fxe5 e6 14. Rh3 f5 15. exf6 Qxf6 16. Qg3 e5 17. Bg5 Qe6 18. Qh4 h5 19. c4 Nxd4 20. cxd5 Qb6 21. Be3 Rf4 22. Qe1 Rg4 23. Rg3 Rxg3 24. Qxg3 e4 25. Bf1 Qxb2 26. Re1 Nc2 27. Re2 Qc3 28. Bf4 Qc5+ 29. Kh1 Rf8 30. Rxe4 Nd4 31. h3 Qxd5 32. Qxg6 Qc6 33. Qxc6 bxc6 34. Bc4+ Kh8 35. Bd6 Rd8 36. Bc5 Nf5 37. Kh2 Nd6 38. Bxd6 Rxd6 39. Be2 Rd2 40. Bxh5 Rxa2 41. Bf7 Ra3 42. Rh4+ Bh6 43. Rxh6+ Kg7 44. Rxc6 Kxf7 45. h4 a5 46. h5 Kg7 47. Ra6 Ra2 48. Kh3 Ra1 49. Kh4 a4 50. Kg5 a3 51. h6+ Kf7 52. h7 Kg7 53. Ra7+ Kh8 54. Kg6 1-0

[Event "Stockholm Scandic op (Women)"]
[Site "Stockholm"]
[Date "2000.??.??"]
[Round "?"]
[White "Pavlovskaya, Evgenija"]
[Black "Johnsen, Sylvia"]
[Result "1-0"]
[WhiteElo "2165"]
[BlackElo "2067"]
[PlyCount "49"]
[EventDate "2000.??.??"]
[EventType "swiss"]
[EventRounds "7"]
[EventCountry "SWE"]
[SourceTitle "EXT 2006"]
[Source "ChessBase"]
[SourceDate "2005.11.24"]
[SourceVersion "1"]
[SourceVersionDate "2005.11.24"]
[SourceQuality "1"]

1. e4 e5 2. Nf3 Nc6 3. Bb5 a6 4. Ba4 Nf6 5. d3 b5 6. Bb3 Be7 7. 0-0 d6 8. c3 Na5 9. Bc2 c5 10. Nbd2 0-0 11. Re1 Qc7 12. Nf1 Bb7 13. Ng3 g6 14. a4 c4 15. d4 Rfe8 16. Bg5 Rab8 17. Qd2 Nd7 18. axb5 axb5 19. dxe5 Nxe5 20. Nd4 Ba6 21. Bxe7 Rxe7 22. Qg5 Ree8 23. Nh5 Kf8 24. Nf6 Red8 25. Qh6+ 1-0